| 000 | 01676nam a2200373 a 4500 | ||
|---|---|---|---|
| 999 |
_c490479 _d490479 |
||
| 003 | BLK | ||
| 005 | 20250416165257.0 | ||
| 008 | 230419b bul|||||r ||||||| ||bul|| | ||
| 020 | _a978-619-199-354-3 | ||
| 020 | _a3800083823605 | ||
| 040 | _aBLK | ||
| 041 |
_aBUL _cBUL |
||
| 080 |
_aВидове тяга. Локомотиви и влакове - парни, електрически, дизелови, газотурбинни и др. локомотиви _b629.42 _x:087.5 _z629.42:087.5 |
||
| 100 | 1 |
_aФрит, Алекс _9135040 |
|
| 139 |
_aФрит, Алекс _bФ 83 |
||
| 245 | 1 | 0 |
_aВлаковете _bс повече от 50 капачета _c текст Алекс Фрит ; ил. Колин Кинг ; прев. от англ. Живко Николчев |
| 257 | _aGBR | ||
| 260 |
_aСофия _bФют _c2021 _fотпеч. в Китай |
||
| 300 |
_a14 с. _bс цв. ил. _c23 см |
||
| 380 | _aDN | ||
| 490 |
_aОткриватели _9390050 |
||
| 500 | _aКор. опис. - Ориг. загл.: Look inside trains. - Кн. от поредицата Откриватели. - Кн. отпеч. на ламиниран картон | ||
| 650 | 4 |
_aВлакове _9150914 |
|
| 650 | 4 |
_aТранспорт, железопътен _9279351 |
|
| 653 | _aвлакове | ||
| 653 | 7 |
_aкнижки-картинки _9188752 |
|
| 700 |
_aКинг, Колин _9374358 |
||
| 700 |
_aНиколчев, Живко Любомиров _eпрев. _9344811 |
||
| 852 |
_bД _c629/Ф 83 |
||
| 856 | 4 |
_qpdf _i0.00 _ldisable |
|
| 856 | 4 |
_qpdf _i0.00 _ldisable |
|
| 942 |
_cKNG _n0 _031 _s1 |
||
| 944 |
_aCR _c2023-04-19 _k30551 _lБояна Костадинова |
||